00534nam a2200157Ia 4500003000400000005001700004008004100021040001800062041000800080082001500088100003800103245015200141260002300293600003000316650003000346OSt20260328084912.0211028s2009 xx 000 0 und d cAIMIT LIBRARY aeng a658.3 PRIT aPrithvi K P;Dhananjaya K.g716094 aA study on the impact of performance appraisal system on employees demeanor with reference to Mangalore refinery and petrochmicals ltd, Mangalore / bDhananjaya Kc2009 aHuman Resource Management aHuman Resource Management